EG retail (Record no. 107740)

MARC details
000 -LEADER
fixed length control field 01208cam a22003015a 4500
001 - CONTROL NUMBER
control field L141703
008 - FIXED-LENGTH DATA ELEMENTS--GENERAL INFORMATION
fixed length control field 071213e20071117xxkad f s 000 0 eng d
035 ## - SYSTEM CONTROL NUMBER
System control number (Sirsi) u141703
041 0# - LANGUAGE CODE
Language code of text/sound track or separate title eng
050 04 - LIBRARY OF CONGRESS CALL NUMBER
Classification number 333.33 $2 18
100 1# - MAIN ENTRY--PERSONAL NAME
Personal name Ward, Hazel
245 00 - TITLE STATEMENT
Title EG retail
260 ## - PUBLICATION, DISTRIBUTION, ETC.
Place of publication, distribution, etc. London
Name of publisher, distributor, etc. Estates Gazette
Date of publication, distribution, etc. 2007
300 ## - PHYSICAL DESCRIPTION
Extent 73p.
Dimensions ol. ill.
-- 30cm.
490 #0 - SERIES STATEMENT
Series statement Estates Gazette
Volume/sequential designation (0746) 17 November 2007 (supplement)
520 ## - SUMMARY, ETC.
Summary, etc. Provides an overview of the retail market in the UK, Europe and around the world. Discusses the growth of the lingerie retail sector, the increasing importance of marketing, airports and leases in the UK. Provides case studies of France and Greece. Finds Paris is still important but that there are opportunities outside the major cities. Explains how and why large-scale shopping malls have recently arrived in Athens.
590 ## - LOCAL NOTE (RLIN)
Local note KA
651 #4 - SUBJECT ADDED ENTRY--GEOGRAPHIC NAME
Geographic name International
690 ## - LOCAL SUBJECT ADDED ENTRY--TOPICAL TERM (OCLC, RLIN)
Topical term or geographic name as entry element PROPERTY-COMMERCIAL PROPERTY-RETAIL PROPERTY
700 1# - ADDED ENTRY--PERSONAL NAME
Personal name Kivlehan, Noella Pio
700 1# - ADDED ENTRY--PERSONAL NAME
Personal name Wehner, Piers
700 1# - ADDED ENTRY--PERSONAL NAME
Personal name Norman, Paul
700 1# - ADDED ENTRY--PERSONAL NAME
Personal name Payne, Joanne
700 1# - ADDED ENTRY--PERSONAL NAME
Personal name Cunningham, Daniel
700 1# - ADDED ENTRY--PERSONAL NAME
Personal name Harris, David
700 1# - ADDED ENTRY--PERSONAL NAME
Personal name Donnelly, Michael
942 ## - ADDED ENTRY ELEMENTS (KOHA)
Suppress in OPAC 0
Holdings
Withdrawn status Lost status Source of classification or shelving scheme Damaged status Not for loan Home library Current library Shelving location Date acquired Total Checkouts Full call number Barcode Date last seen Copy number Price effective from Koha item type
    Dewey Decimal Classification     London London Books 13/12/2007   F333.33 EGR 30071118 06/08/2019 1 06/08/2019 Book